Current approaches of tumor immunotherapy

Our immune system, fine-tuned by a long evolution, has a near-infinite capacity to recognize potential pathogens and mutant self proteins. It has also got a varied arsenal of killing mechanisms to battle intruders and mutant cells. Since malignant transformation involves 1) mutations of proteins of...

Teljes leírás

Elmentve itt :
Bibliográfiai részletek
Szerzők: Buzás Krisztián
Kiss Antal
Vizler Csaba
Dokumentumtípus: Cikk
Megjelent: 2015
Sorozat:Acta biologica Szegediensis 59
Kulcsszavak:Immunológia rákbetegség
Online Access:http://acta.bibl.u-szeged.hu/36062
LEADER 01782nab a2200217 i 4500
001 acta36062
005 20180525114142.0
008 161017s2015 hu o 0|| eng d
022 |a 1588-385X 
040 |a SZTE Egyetemi Kiadványok Repozitórium  |b hun 
041 |a eng 
100 1 |a Buzás Krisztián 
245 1 0 |a Current approaches of tumor immunotherapy  |h [elektronikus dokumentum] /  |c  Buzás Krisztián 
260 |c 2015 
300 |a 69-82 
490 0 |a Acta biologica Szegediensis  |v 59 
520 3 |a Our immune system, fine-tuned by a long evolution, has a near-infinite capacity to recognize potential pathogens and mutant self proteins. It has also got a varied arsenal of killing mechanisms to battle intruders and mutant cells. Since malignant transformation involves 1) mutations of proteins of various classes and 2) over-expression of non-altered genes, either related or unrelated to the oncogenic process, the adaptive immune system has the potential to recognize and clear malignantly transformed cells. Immunotherapeutic interventions might 1) trigger an immune response to otherwise tolerated tumor antigens, 2) enhance the existing, but insufficient anti-tumor immune response, add new receptors, recombinant antibodies or T cell receptors, to the system, or 4) rely on the transfer of ex vivo expanded immune effector cells. Although tumor immunotherapy is decades-old, immune checkpoint inhibitor therapy, probably the most significant breakthrough, is a development of the last few years. Reaching its maturity, tumor immunotherapy is just now becoming an integral part of tumor therapy. 
695 |a Immunológia rákbetegség 
700 0 1 |a Kiss Antal  |e aut 
700 0 1 |a Vizler Csaba  |e aut 
856 4 0 |u http://acta.bibl.u-szeged.hu/36062/1/5969.pdf  |z Dokumentum-elérés